Financiamiento externo y crecimiento en América Latina /
Se da a conocer la vulnerabilidad externa de América Latina, confirmada por la crisis de 1998-99 en cuyo marco se analizan los vínculos entre el financiamiento externo y el crecimiento de América Latina y el Caribe en la fase actual caracterizada por la preponderancia de la finanza de mercado, a tra...
Uloženo v:
| Hlavní autor: | |
|---|---|
| Další autoři: | |
| Médium: | Text |
| Témata: | |
| Tagy: |
Přidat tag
Žádné tagy, Buďte první, kdo vytvoří štítek k tomuto záznamu!
|
MARC
| LEADER | 00000 a a2200000 04500 | ||
|---|---|---|---|
| 001 | 2551 | ||
| 003 | |||
| 040 | |||
| 100 | |a Miotti, Egidio Luis | ||
| 245 | |a Financiamiento externo y crecimiento en América Latina / |c Egidio Luis Miotti ; Carlos Quenan | ||
| 520 | |a Se da a conocer la vulnerabilidad externa de América Latina, confirmada por la crisis de 1998-99 en cuyo marco se analizan los vínculos entre el financiamiento externo y el crecimiento de América Latina y el Caribe en la fase actual caracterizada por la preponderancia de la finanza de mercado, a través de la emisión de bonos. En la primera sección se recapitula el proceso que a partir de impactos exógenos, condujo a la crisis y a la pérdida del dinamismo y crecimiento regional. La segunda sección profundiza el análisis de las relaciones existentes entre las crisis financieras, las condiciones macroeconómicas fundamentales y la percepción del riesgo en el país. La tercera sección reseña las relaciones entre el crecimiento económico regional y el financiamiento externo y algunas consideraciones sobre el comportamiento de los mercados de capitales en el año 2000 y las perspectivas de costo y acceso a los recursos financieros externos para las economías de la región. La cuarta sección analiza los límites y riesgos de los flujos de endeudamiento externo centrados en el financiamiento de mercado y en, la conclusión, señala algunas enseñanzas de la crisis reciente. REV/LCL | ||
| 650 | |a CONDICIONES ECONOMICAS | ||
| 650 | |a CRECIMIENTO ECONOMICO | ||
| 650 | |a ENDEUDAMIENTO | ||
| 650 | |a RECESION ECONOMICA | ||
| 650 | |a CRISIS | ||
| 650 | |a FINANCIAMIENTO EXTERIOR | ||
| 650 | |a MERCADO FINANCIERO | ||
| 700 | |a Quenan, Carlos | ||
| 773 | |g número 59; páginas 23-45 | ||
| 999 | |c 31761 |d 31761 | ||
